[Event "Rusia ch - Final 2009"]
[Site "Moscu RUS"]
[Date "2009.12.24"]
[Round "5.1"]
[White "Grischuk, Alexander"]
[Black "Riazantsev, Alexander"]
[Result "1-0"]
[WhiteElo "2736"]
[BlackElo "2661"]
[PlyCount "61"]
[EventDate "2009.12.20"]
[EventType "tourn"]
[EventRounds "9"]
[EventCountry "RUS"]
[EventCategory "18"]
[Source "lmi"]
[SourceDate "2009.12.20"]

1. e4 Nf6 2. e5 Nd5 3. d4 d6 4. Nf3 dxe5 5. Nxe5 g6 6. Bc4 Be6 7. O-O Bg7 8.
Re1 O-O 9. Nd2 Nd7 10. Nef3 N7f6 11. Rxe6 fxe6 12. Ng5 Qd6 13. Qe1 b5 14. Bb3
a5 15. a4 bxa4 16. Nc4 Qc6 17. Rxa4 Ra6 18. Rxa5 Rfa8 19. Bd2 Bh6 20. h4 Bxg5
21. hxg5 Nd7 22. Rxa6 Qxa6 23. Na5 c5 24. Ba4 Ra7 25. Bxd7 Rxd7 26. dxc5 Nc7
27. c4 Qa8 28. c6 Rd3 29. Bc3 Qf8 30. Qe5 Rd1+ 31. Kh2 1-0

[Event "Rusia ch - Final 2009"]
[Site "Moscu RUS"]
[Date "2009.12.26"]
[Round "6.1"]
[White "Riazantsev, Alexander"]
[Black "Tomashevsky, Evgeny"]
[Result "1/2-1/2"]
[WhiteElo "2661"]
[BlackElo "2708"]
[PlyCount "56"]
[EventDate "2009.12.20"]
[EventType "tourn"]
[EventRounds "9"]
[EventCountry "RUS"]
[EventCategory "18"]
[Source "lmi"]
[SourceDate "2009.12.20"]

1. d4 Nf6 2. c4 e6 3. Nf3 b6 4. g3 Bb7 5. Bg2 Be7 6. O-O O-O 7. Nc3 Ne4 8. Bd2
d5 9. cxd5 exd5 10. Rc1 Nd7 11. Bf4 c5 12. Nxe4 dxe4 13. Nd2 f5 14. b4 Kh8 15.
dxc5 bxc5 16. Nc4 Ba6 17. bxc5 Nxc5 18. Bd6 Rc8 19. Bh3 Ne6 20. Bxe7 Qxe7 21.
Qa4 Bxc4 22. Rxc4 g6 23. Rfc1 Rxc4 24. Qxc4 Kg7 25. Qc3+ Qf6 26. Qa5 Qe7 27.
Qc3+ Qf6 28. Qa5 Qe7 1/2-1/2

[Event "Rusia ch - Final 2009"]
[Site "Moscu RUS"]
[Date "2009.12.26"]
[Round "6.2"]
[White "Vitiugov, Nikita"]
[Black "Alekseev, Evgeny"]
[Result "1/2-1/2"]
[WhiteElo "2694"]
[BlackElo "2715"]
[PlyCount "102"]
[EventDate "2009.12.20"]
[EventType "tourn"]
[EventRounds "9"]
[EventCountry "RUS"]
[EventCategory "18"]
[Source "lmi"]
[SourceDate "2009.12.20"]

1. c4 Nf6 2. Nc3 e6 3. e4 c5 4. e5 Ng8 5. d4 cxd4 6. Qxd4 Nc6 7. Qe4 f6 8. Nf3
Qa5 9. Bd3 Nxe5 10. Nxe5 Qxe5 11. Qxe5 fxe5 12. Nb5 Kd8 13. Be3 Bb4+ 14. Ke2 b6
15. f4 exf4 16. Bxf4 a6 17. Bc7+ Ke7 18. Nc3 Nf6 19. Bxb6 Bb7 20. Rac1 Bd6 21.
Bd4 Rhf8 22. c5 Bc7 23. Rc2 h5 24. h4 Nd5 25. Nxd5+ Bxd5 26. Rg1 Bh2 27. Rf1
Bxg2 28. Rxf8 Rxf8 29. Bxg7 Bf3+ 30. Kf1 Rf7 31. Rxh2 Be4+ 32. Ke2 Bxd3+ 33.
Kxd3 Rxg7 34. Re2 Rg3+ 35. Re3 Rg2 36. b4 Rxa2 37. Re5 Ra4 38. Kc3 a5 39. bxa5
Rxh4 40. Kb3 Rh1 41. Kb2 Kd8 42. c6 dxc6 43. Rxe6 Kc7 44. Re7+ Kb8 45. a6 h4
46. Rb7+ Ka8 47. Rc7 h3 48. Rxc6 h2 49. Rh6 Ka7 50. Ka2 Rg1 51. Rxh2 Kxa6
1/2-1/2

[Event "Rusia ch - Final 2009"]
[Site "Moscu RUS"]
[Date "2009.12.26"]
[Round "6.4"]
[White "Svidler, Peter"]
[Black "Timofeev, Artyom"]
[Result "1-0"]
[WhiteElo "2754"]
[BlackElo "2651"]
[PlyCount "79"]
[EventDate "2009.12.20"]
[EventType "tourn"]
[EventRounds "9"]
[EventCountry "RUS"]
[EventCategory "18"]
[Source "lmi"]
[SourceDate "2009.12.20"]

1. e4 e6 2. d4 d5 3. Nc3 dxe4 4. Nxe4 Nd7 5. Nf3 Ngf6 6. Bg5 h6 7. Nxf6+ Nxf6
8. Be3 Bd6 9. Bd3 b6 10. Ne5 O-O 11. Qf3 Nd5 12. Bd2 Qh4 13. g4 Bb7 14. O-O-O
Rad8 15. Rhg1 Ba8 16. Qe4 Nf6 17. Qe2 Bxe5 18. dxe5 Rxd3 19. cxd3 Nd5 20. f4
Rd8 21. Rdf1 c5 22. f5 Nb4 23. Bxb4 cxb4 24. Qf2 Qe7 25. Qe3 b3 26. Kb1 Qb4 27.
a3 Qb5 28. Rd1 Qc5 29. d4 Qd5 30. Rg3 Qe4+ 31. Qxe4 Bxe4+ 32. Kc1 exf5 33. gxf5
Bxf5 34. d5 Re8 35. d6 Kf8 36. Rxb3 Bd7 37. Re3 Re6 38. Rdd3 Ke8 39. Rc3 a5 40.
Kd2 1-0

[Event "Rusia ch - Final 2009"]
[Site "Moscu RUS"]
[Date "2009.12.27"]
[Round "7.1"]
[White "Sjugirov, Sanan"]
[Black "Riazantsev, Alexander"]
[Result "0-1"]
[WhiteElo "2612"]
[BlackElo "2661"]
[PlyCount "118"]
[EventDate "2009.12.20"]
[EventType "tourn"]
[EventRounds "9"]
[EventCountry "RUS"]
[EventCategory "18"]
[Source "lmi"]
[SourceDate "2009.12.20"]

1. e4 e6 2. d4 d5 3. Nd2 c5 4. exd5 Qxd5 5. Ngf3 cxd4 6. Bc4 Qd8 7. O-O a6 8.
Nb3 Nc6 9. Qe2 b5 10. Bd3 Nf6 11. Bg5 Bb7 12. a4 b4 13. Be4 Bd6 14. Rad1 O-O
15. Nbxd4 Nxd4 16. Rxd4 Bxe4 17. Rxe4 h6 18. Bh4 g5 19. Rd4 Qb6 20. Bg3 Bxg3
21. hxg3 Rad8 22. Rfd1 Rxd4 23. Rxd4 Rc8 24. Qe5 Kg7 25. Rd2 Qc5 26. Qe2 Qc4
27. Qe3 Qa2 28. Qe5 Qb1+ 29. Ne1 Rc5 30. Qe3 Rc4 31. Re2 Qxb2 32. Qb6 a5 33.
Qxa5 b3 34. Qb5 Rc3 35. cxb3 Qb1 36. b4 Rb3 37. Qe5 Rxb4 38. a5 Ra4 39. Re3 Qa1
40. Qxa1 Rxa1 41. f3 Nd5 42. Re2 h5 43. Kh2 Rxa5 44. Nd3 Ra3 45. Nc5 Ne3 46.
Ne4 Kg6 47. Re1 g4 48. Nd2 Rd3 49. Ne4 Rb3 50. Re2 Ra3 51. Re1 Nf5 52. Rf1 Ra2
53. Rf2 Ra1 54. Re2 Rf1 55. Nd2 Rh1+ 56. Kxh1 Nxg3+ 57. Kg1 Nxe2+ 58. Kf2 Nc3
59. fxg4 hxg4 0-1

[Event "Rusia ch - Final 2009"]
[Site "Moscu RUS"]
[Date "2009.12.27"]
[Round "7.4"]
[White "Alekseev, Evgeny"]
[Black "Khismatullin, Denis"]
[Result "1/2-1/2"]
[WhiteElo "2715"]
[BlackElo "2643"]
[PlyCount "120"]
[EventDate "2009.12.20"]
[EventType "tourn"]
[EventRounds "9"]
[EventCountry "RUS"]
[EventCategory "18"]
[Source "lmi"]
[SourceDate "2009.12.20"]

1. e4 c5 2. Nf3 d6 3. d4 cxd4 4. Qxd4 Nc6 5. Bb5 Bd7 6. Bxc6 Bxc6 7. Nc3 Nf6 8.
Bg5 e6 9. O-O-O Be7 10. Rhe1 O-O 11. Kb1 Qc7 12. Qd2 Rfd8 13. Nd4 Rab8 14. f3
b5 15. g4 b4 16. Nce2 a5 17. Ng3 Rdc8 18. Nh5 Ne8 19. Bxe7 Qxe7 20. g5 g6 21.
Ng3 e5 22. Nde2 a4 23. h4 Rb5 24. h5 d5 25. hxg6 fxg6 26. Nd4 exd4 27. exd5 Qd6
28. dxc6 b3 29. Ne4 bxa2+ 30. Ka1 Qxc6 31. Rc1 Qb6 32. c4 dxc3 33. Nxc3 Rbc5
34. Nxa4 Rxc1+ 35. Rxc1 Qd6 36. Qe3 Rxc1+ 37. Qxc1 Qd5 38. f4 Kf7 39. Nc3 Qd4
40. Kxa2 Ng7 41. b3 Qd3 42. Na4 Ne6 43. Nc5 Qe2+ 44. Ka3 Nd4 45. Qc4+ Qxc4 46.
bxc4 Kg7 47. Kb4 h5 48. Nd3 Ne6 49. Kc3 h4 50. Kd2 h3 51. Ke3 h2 52. Nf2 Kf7
53. Kf3 Ke7 54. Kg3 Kd6 55. Ne4+ Kc6 56. Kxh2 Nxf4 57. Kg3 Ne6 58. Kg4 Kb6 59.
Nf6 Kc5 60. Nd5 Nxg5 1/2-1/2

[Event "Rusia ch - Final 2009"]
[Site "Moscu RUS"]
[Date "2009.12.27"]
[Round "7.5"]
[White "Tomashevsky, Evgeny"]
[Black "Vitiugov, Nikita"]
[Result "1/2-1/2"]
[WhiteElo "2708"]
[BlackElo "2694"]
[PlyCount "109"]
[EventDate "2009.12.20"]
[EventType "tourn"]
[EventRounds "9"]
[EventCountry "RUS"]
[EventCategory "18"]
[Source "lmi"]
[SourceDate "2009.12.20"]

1. c4 e5 2. Nc3 Nf6 3. Nf3 Nc6 4. g3 d5 5. cxd5 Nxd5 6. Bg2 Nb6 7. O-O Be7 8.
a3 O-O 9. b4 Be6 10. Rb1 f6 11. d3 Nd4 12. Be3 Nxf3+ 13. Bxf3 Nd5 14. Qb3 c6
15. Bc5 Rf7 16. Qb2 Nxc3 17. Qxc3 Qd7 18. Rfc1 Bd5 19. Bxd5 cxd5 20. Bxe7 Rxe7
21. Qb3 Rd8 22. Rc5 b6 23. Rc3 h5 24. Rbc1 h4 25. Qc2 e4 26. Rc7 Qe8 27. Rxe7
Qxe7 28. Qc7 Qd7 29. Qxd7 Rxd7 30. gxh4 exd3 31. exd3 Kf7 32. Kg2 Ke6 33. Kf3
Ke5 34. Ke3 Kf5 35. h3 g6 36. Kd4 Rh7 37. Kxd5 Rd7+ 38. Kc6 Rxd3 39. a4 Rd4 40.
Rb1 Rxh4 41. Rb3 g5 42. a5 bxa5 43. bxa5 Ra4 44. Rb5+ Ke4 45. Kb7 Kf3 46. Rf5+
Ke4 47. Rc5 Kf3 48. Kxa7 Kxf2 49. Kb6 Kg2 50. a6 Kxh3 51. Ra5 Re4 52. a7 Re8
53. a8=Q Rxa8 54. Rxa8 g4 55. Rf8 1/2-1/2

[Event "Rusia ch - Final 2009"]
[Site "Moscu RUS"]
[Date "2009.12.28"]
[Round "8.2"]
[White "Khismatullin, Denis"]
[Black "Tomashevsky, Evgeny"]
[Result "1/2-1/2"]
[WhiteElo "2643"]
[BlackElo "2708"]
[PlyCount "60"]
[EventDate "2009.12.20"]
[EventType "tourn"]
[EventRounds "9"]
[EventCountry "RUS"]
[EventCategory "18"]
[Source "lmi"]
[SourceDate "2009.12.20"]

1. d4 Nf6 2. c4 e6 3. g3 c5 4. d5 exd5 5. cxd5 d6 6. Nc3 g6 7. Bg2 Bg7 8. Nf3
O-O 9. O-O a6 10. a4 Nbd7 11. Bf4 Qe7 12. e4 h6 13. h3 g5 14. Be3 Rb8 15. Qe2
b5 16. axb5 axb5 17. Nd2 b4 18. Nb5 Ne5 19. f4 gxf4 20. gxf4 Ng6 21. Nxd6 Qxd6
22. e5 Qd8 23. exf6 Qxf6 24. Bxc5 Rd8 25. Ne4 Qxb2 26. Qxb2 Bxb2 27. Rab1 Bg7
28. Rxb4 Rxb4 29. Bxb4 Ba6 30. Rf3 Rxd5 1/2-1/2

[Event "Rusia ch - Final 2009"]
[Site "Moscu RUS"]
[Date "2009.12.28"]
[Round "8.3"]
[White "Svidler, Peter"]
[Black "Alekseev, Evgeny"]
[Result "1/2-1/2"]
[WhiteElo "2754"]
[BlackElo "2715"]
[PlyCount "78"]
[EventDate "2009.12.20"]
[EventType "tourn"]
[EventRounds "9"]
[EventCountry "RUS"]
[EventCategory "18"]
[Source "lmi"]
[SourceDate "2009.12.20"]

1. e4 e5 2. Nf3 Nf6 3. Nxe5 d6 4. Nf3 Nxe4 5. d4 d5 6. Bd3 Nc6 7. O-O Be7 8. c4
Nb4 9. Be2 O-O 10. Nc3 Bf5 11. a3 Nxc3 12. bxc3 Nc6 13. Re1 Re8 14. cxd5 Qxd5
15. Bf4 Rac8 16. h3 h6 17. Qa4 Bf6 18. Bc4 Qd7 19. Qb5 b6 20. Rad1 Rxe1+ 21.
Rxe1 Nb8 22. Qb3 c6 23. a4 Rf8 24. Re3 Qd8 25. g4 Bg6 26. h4 Qd7 27. Ne5 Bxe5
28. Bxe5 Qxg4+ 29. Rg3 Qh5 30. Bd3 Kh7 31. Bd6 Bxd3 32. Bxf8 Bg6 33. Be7 Nd7
34. f3 Qf5 35. Qc4 Qf4 36. Kh2 Qd2+ 37. Rg2 Qf4+ 38. Rg3 Qd2+ 39. Rg2 Qf4+
1/2-1/2

[Event "Rusia ch - Final 2009"]
[Site "Moscu RUS"]
[Date "2009.12.28"]
[Round "8.5"]
[White "Sjugirov, Sanan"]
[Black "Timofeev, Artyom"]
[Result "1/2-1/2"]
[WhiteElo "2612"]
[BlackElo "2651"]
[PlyCount "74"]
[EventDate "2009.12.20"]
[EventType "tourn"]
[EventRounds "9"]
[EventCountry "RUS"]
[EventCategory "18"]
[Source "lmi"]
[SourceDate "2009.12.20"]

1. e4 c5 2. Nf3 d6 3. d4 cxd4 4. Nxd4 Nf6 5. Nc3 e6 6. g4 h6 7. h3 a6 8. Bg2
Nc6 9. f4 Qb6 10. Nb3 Be7 11. Qe2 Nd7 12. h4 Qc7 13. Be3 b5 14. Qf2 Bb7 15.
O-O-O Rc8 16. Kb1 Na5 17. Nxa5 Qxa5 18. Ne2 Nf6 19. Bb6 Qa4 20. b3 Qa3 21. Ng3
Nxg4 22. Qe2 h5 23. Bd4 Nf6 24. Rhg1 Ba8 25. e5 dxe5 26. fxe5 Nd5 27. Bxd5 Bxd5
28. Nxh5 Rxh5 29. Qxh5 Rxc2 30. Kxc2 Qxa2+ 31. Kd3 Qxb3+ 32. Ke2 Qc2+ 33. Rd2
Qe4+ 34. Kd1 Qb1+ 35. Ke2 Qe4+ 36. Kd1 Qb1+ 37. Ke2 Qe4+ 1/2-1/2

[Event "Rusia ch - Final 2009"]
[Site "Moscu RUS"]
[Date "2009.12.29"]
[Round "9.1"]
[White "Timofeev, Artyom"]
[Black "Riazantsev, Alexander"]
[Result "0-1"]
[WhiteElo "2651"]
[BlackElo "2661"]
[PlyCount "92"]
[EventDate "2009.12.20"]
[EventType "tourn"]
[EventRounds "9"]
[EventCountry "RUS"]
[EventCategory "18"]
[Source "lmi"]
[SourceDate "2009.12.20"]

1. e4 c6 2. d4 d5 3. exd5 cxd5 4. c4 Nf6 5. Nc3 e6 6. Nf3 Bb4 7. Bd3 dxc4 8.
Bxc4 O-O 9. O-O a6 10. a4 Nc6 11. Bg5 h6 12. Bh4 Be7 13. Bg3 Bd7 14. Re1 Qa5
15. Qe2 Rad8 16. Rad1 Nd5 17. Ne4 Qxa4 18. Ne5 Qb4 19. Nc3 Nb6 20. Na2 Qa5 21.
Bb3 Be8 22. Nf3 Nd5 23. Nc1 Ncb4 24. Ne5 Qb6 25. Nc4 Qa7 26. Qf3 Bb5 27. Ne2
Nc6 28. Qe4 Nf6 29. Qe3 a5 30. Nc3 Bxc4 31. Bxc4 Nxd4 32. h3 Qc5 33. Bd3 Nf5
34. Qxc5 Bxc5 35. Bc7 Rc8 36. Nb5 Bb4 37. Rf1 Ne7 38. Bg3 Rfd8 39. Na7 Ra8 40.
Nb5 Ned5 41. Bb1 Rac8 42. Rc1 Rxc1 43. Rxc1 Bd2 44. Rc4 Bf4 45. Kh2 Bxg3+ 46.
Kxg3 g5 0-1

[Event "Rusia ch - Final 2009"]
[Site "Moscu RUS"]
[Date "2009.12.29"]
[Round "9.4"]
[White "Tomashevsky, Evgeny"]
[Black "Svidler, Peter"]
[Result "0-1"]
[WhiteElo "2708"]
[BlackElo "2754"]
[PlyCount "114"]
[EventDate "2009.12.20"]
[EventType "tourn"]
[EventRounds "9"]
[EventCountry "RUS"]
[EventCategory "18"]
[Source "lmi"]
[SourceDate "2009.12.20"]

1. c4 Nf6 2. Nc3 e5 3. Nf3 Nc6 4. g3 Nd4 5. Bg2 Nxf3+ 6. Bxf3 Bb4 7. O-O O-O 8.
d3 c6 9. Bg2 Re8 10. Bd2 a6 11. Rc1 h6 12. Qb3 Bc5 13. Na4 Ba7 14. c5 d5 15.
cxd6 Qxd6 16. Bb4 Qc7 17. Nc5 Bg4 18. Rfe1 Rad8 19. Bd2 Bc8 20. Qc4 Bf5 21. b4
e4 22. dxe4 Bxc5 23. bxc5 Bxe4 24. Bc3 Bd5 25. Qa4 Qe7 26. e4 Be6 27. Ba5 Rd3
28. Bf1 Rd7 29. f3 Nh7 30. f4 f6 31. Qc2 Qf7 32. a3 Rde7 33. Bd3 Bb3 34. Qf2 f5
35. e5 Nf8 36. Qb2 Bd5 37. Bf1 Ne6 38. Bd2 g5 39. fxg5 hxg5 40. Re2 f4 41. Rf2
Qh5 42. Be2 Qh7 43. Bf3 Bxf3 44. Rxf3 Qe4 45. Qb3 Rd7 46. Bb4 Rd5 47. Re1 Qf5
48. Bc3 Nxc5 49. Qa2 Ne6 50. gxf4 gxf4 51. Kh1 Kf7 52. Qb2 Re7 53. Qg2 Red7 54.
Rg1 Ke7 55. Bb4+ c5 56. Be1 Rxe5 57. Qg8 Qe4 0-1